| 000 | 00528nam a2200181 a 4500 | ||
|---|---|---|---|
| 005 | 20231017063813.0 | ||
| 008 | 991125s1889 gua 000 0 spa u | ||
| 035 | _aUPN01000052522 | ||
| 049 | _aLT | ||
| 050 | 4 |
_aLB1631 M6 _bP5.7 1889 |
|
| 100 | 1 | _aPintado, Leonardo | |
| 245 | 1 | 0 |
_aRudimentos de idioma inglés / _cpor Leonardo Pintado |
| 260 |
_aGuadalajara : _bTip. de Calvillo y Orozco, _c1889 |
||
| 300 | _a117 p. | ||
| 650 | 4 |
_aInglés _xEstudio y enseñanza (Secundaria) _95708 |
|
| 904 |
_aAC _b052524 |
||
| 905 | _aLibro | ||
| 999 |
_c52522 _d52522 |
||